000 01679cam a2200253 4500
001 ABS66549
008 030318n2003 000 0 eng u
035 _a(Sirsi) u121651
100 _aTavendale, A.
245 _aPlanning practice under NPPG7: planning and flooding
260 _c2003
490 _aScottish Planning and Environmental Law
_v(95) February 2003, 11-13(3)
520 _aDiscusses the findings of a University of Leeds study into planning practice among Scottish planning authorities following the publication of "National Planning Policy Guideline 7: planning and flooding" (NPPG7) in 1995. Outlines the key features of NPPG7 including its precautionary principle in relation to planning and flooding (para 19) and the role of the Scottish Environment Protection Agency (SEPA). The study was based on the results of a questionnaire survey sent to all 32 local authorities in Scotland asking for feedback on the incorporation of flood risk into the planning process. Presents the findings of the study, in particular looking at the designation of flood risk areas, the incorporation of flood risk into local and structure plans, the advice provided by SEPA, and the formation of Flood Appraisal Groups (FAGs). Concludes that NPPG7 has fundamentally changed planning practice in Scotland but identifies a number of key issues for the future.
590 _aABS
650 _aSCOTLAND
650 _aNPPG7
650 _aFLOOD RISK
650 _aNATIONAL PLANNING POLICY GUIDANCE
650 _aPLANNING AUTHORITIES
650 _aFLOODING
690 _aENVIRONMENTAL AND LAND CONSULTANCY-PLANNING AND DEVELOPMENT
700 _aBlack, A.
942 _n0
999 _c72312
_d72312